Geography Quiz

Random Geography or State Quiz

State by Motto Quiz Stats

 Plays Quiz Updated Sep 26, 2019

Score 0/50 Timer 07:00
0 Plays Today
Motto State % Correct
Ua Mau Ke Ea O Ka Aina I Ka Pono (The life of the land is perpetuated in righteousness)Hawaii
57.3%
Live Free or DieNew Hampshire
51.7%
Eureka (I have Found It)California
50%
North to the FutureAlaska
44%
L'Etoile du Nord (The Star of the North)Minnesota
39%
Montani Semper Liberi (Mountain People are Always Free)West Virginia
29.6%
Sic Semper Tyrannis (Thus Always to Tyrants)Virginia
25.7%
Excelsior (Higher)New York
23.5%
Si Quaeris Peninsulam Amoenam Circumspice (If you are looking for a pleasant peninsula, look around)Michigan
23.4%
The Crossroads of AmericaIndiana
23.1%
Oro y Plata (Gold and Silver)Montana
20.6%
Equal RightsWyoming
16.9%
HopeRhode Island
16.3%
Fatti Maschii, Parole Femine (Manly Deeds, Womanly Words)Maryland
12.6%
Al-Ki (By and by)Washington
12.1%
In God We TrustFlorida
12%
Wisdom, Justice, ModerationGeorgia
12%
FriendshipTexas
11.9%
Dirigo (I direct)Maine
11.6%
Audemus Jura Nostra Defendere (We Dare to Defend Our Rights)Alabama
11.1%
Esse Quam Videri (To be Rather Than to Seem)North Carolina
10.9%
United We Stand, Divided We FallKentucky
10.9%
Dum Spiro, Spero (While I breathe, I hope)South Carolina
10.6%
With God All Things Are PossibleOhio
10.3%
IndustryUtah
10.2%
Motto State % Correct
Ense Petit Placidam Sub Libertate Quietem (By the sword it seeks peaceful quiet under liberty)Massachusetts
10.1%
Ad Astra Per Aspera (To the Stars Through Difficulties)Kansas
10%
ForwardWisconsin
9.9%
Virtue, Liberty, and IndependencePennsylvania
9.9%
Ditat Deus (God Enriches)Arizona
9.9%
Qui Transtulit Sustinet (He who transplanted sustains)Connecticut
9.2%
Liberty and IndependenceDelaware
9.1%
(State Name) Freedom and UnityVermont
8.9%
Our Liberties We Prize and Our Rights We Will MaintainIowa
8.7%
Alis Volat Propriis (She Flies With Her Own Wings)Oregon
8.4%
State Sovereignty, National Union Illinois
8.2%
Regnat Populus (Let the People Rule)Arkansas
8.2%
Crescit Eundo (It Grows as it Goes)New Mexico
8.2%
Esto Perpetua (May it Last Forever)Idaho
8.2%
Union, Justice and ConfidenceLouisiana
8%
Agriculture and CommerceTennessee
7.8%
Liberty and ProsperityNew Jersey
7.7%
Nil Sine Numine (Nothing Without Providence)Colorado
7.5%
Liberty and Union, Now and Forever, One and InseparableNorth Dakota
6.3%
Salus Populi Suprema Lex Esto (The welfare of the people shall be the supreme law)Missouri
6.1%
Virtute et Armis (By Virtue and Arms)Mississippi
6%
All for Our CountryNevada
6%
Equality Before the LawNebraska
6%
Labor Omnia Vincit (Labor Conquers All)Oklahoma
5.9%
Under God, The People RuleSouth Dakota
5.1%

You're not logged in!

Compare scores with friends on all Sporcle quizzes.
OR
Log In

Sporcle TV

Today on Sporcle TV


Watch our educational content, quiz creation guides, and fun videos on Sporcle TV.

Show Comments

Extras

Top Quizzes Today


Score Distribution

Your Account Isn't Verified!

In order to create a playlist on Sporcle, you need to verify the email address you used during registration. Go to your Sporcle Settings to finish the process.

Report this User

Report this user for behavior that violates our Community Guidelines.

Details: